[Event "Eric's Blitz 1700 - 2199"]
[Site "SchemingMind.com"]
[Date "2015.12.09"]
[Round "-"]
[White "Scooter"]
[Black "Eric Caesar"]
[Result "0-1"]
[WhiteCountry "USA"]
[BlackCountry "NED"]
[WhiteElo "1717"]
[WhiteRD "47"]
[BlackElo "1946"]
[BlackRD "66"]
[GameID "391750"]

1. d4 Nf6 2. Bf4 d5 3. Nf3 e6 4. e3 c5 5. Bb5+ Bd7 6. Bxd7+ Nbxd7 7. c3 Be7 8. O-O O-O 9. Nbd2 Qb6 10. Qb3 c4
11. Qxb6 Nxb6 12. Ne5 Nbd7 13. Nxd7 Nxd7 14. h3 b5 15. b3 f6 16. b4 e5 17. dxe5 fxe5 18. Bg3 a5 19. a3 Ra6 20. Rfd1 d4
21. exd4 exd4 22. cxd4 axb4 23. axb4 Rxa1 24. Rxa1 Bxb4 25. Ne4 Be7 26. Ra7 Rd8 27. Nd6 Bxd6 28. Bxd6 Nf6 29. Be7 Rxd4 30. Bxf6 gxf6
31. Rb7 Rd1+ 32. Kh2 Rb1 33. Kg3 c3 34. Rc7 b4 35. Rc4 Rb2 36. Kf3 c2 37. Ke3 b3 38. Rc3 Rb1 39. Kd2 Rd1+
0-1

[Event "Eric's Blitz 1700 - 2199"]
[Site "SchemingMind.com"]
[Date "2015.12.09"]
[Round "-"]
[White "Eric Caesar"]
[Black "Scooter"]
[Result "1-0"]
[WhiteCountry "NED"]
[BlackCountry "USA"]
[WhiteElo "1946"]
[WhiteRD "66"]
[BlackElo "1717"]
[BlackRD "47"]
[GameID "391751"]

1. d4 Nf6 2. c4 g6 3. Nc3 Bg7 4. e4 d6 5. h3 O-O 6. Nf3 Nbd7 7. g4 c5 8. d5 Ne5 9. Nxe5 dxe5 10. Be3 b6
11. Be2 Ne8 12. Qd2 Nd6 13. O-O-O Ba6 14. b3 Rb8 15. h4 Qc7 16. h5 b5 17. cxb5 Nxb5 18. Nxb5 Bxb5 19. h6 Bh8 20. Bxb5 Rxb5
21. Kb1 c4 22. Rc1 Qb8 23. Rxc4 Rxb3+ 24. Ka1 Rb5 25. Rhc1 a5 26. Qc2 f6 27. f3 Kf7 28. Rb1 Rxb1+ 29. Qxb1 Qxb1+ 30. Kxb1 Rd8
31. Rc7 g5 32. Bc5 Kg6 33. Bxe7 Rb8+ 34. Kc2 Kxh6 35. d6
1-0

[Event "Eric's Blitz 1700 - 2199"]
[Site "SchemingMind.com"]
[Date "2015.12.19"]
[Round "-"]
[White "Scooter"]
[Black "redmike"]
[Result "0-1"]
[WhiteCountry "USA"]
[BlackCountry "SCO"]
[WhiteElo "1717"]
[WhiteRD "47"]
[BlackElo "2151"]
[BlackRD "101"]
[GameID "392176"]

1. d4 Nf6 2. Nf3 g6 3. Bf4 Bg7 4. e3 O-O 5. Be2 d6 6. O-O Nbd7 7. Nbd2 c5 8. c3 Re8 9. h3 e5 10. dxe5 dxe5
11. Bg5 Qc7 12. Bxf6 Nxf6 13. Qc2 h6 14. Ne4 Nxe4 15. Qxe4 Bf5 16. Qc4 a6 17. Qb3 b5 18. c4 Be6 19. Rac1 Rab8 20. Qc2 b4
21. b3 e4 22. Qxe4 Bf5 23. Qh4 g5 24. Qg3 Qxg3 25. fxg3 Rxe3
0-1

[Event "Eric's Blitz 1700 - 2199"]
[Site "SchemingMind.com"]
[Date "2015.12.19"]
[Round "-"]
[White "redmike"]
[Black "Scooter"]
[Result "1-0"]
[WhiteCountry "SCO"]
[BlackCountry "USA"]
[WhiteElo "2151"]
[WhiteRD "101"]
[BlackElo "1717"]
[BlackRD "47"]
[GameID "392177"]

1. d4 Nf6 2. c4 g6 3. Nc3 Bg7 4. e4 d6 5. f4 O-O 6. Nf3 Bg4 7. Be2 Nbd7 8. O-O Bxf3 9. Bxf3 e5 10. fxe5 dxe5
11. d5 c6 12. Be3 cxd5 13. cxd5 a6 14. Qd2 Rc8 15. Qf2 b5 16. a3 Nb6 17. Bxb6
1-0

[Event "Eric's Blitz 1700 - 2199"]
[Site "SchemingMind.com"]
[Date "2015.12.19"]
[Round "-"]
[White "Eric Caesar"]
[Black "redmike"]
[Result "1-0"]
[WhiteCountry "NED"]
[BlackCountry "SCO"]
[WhiteElo "1932"]
[WhiteRD "66"]
[BlackElo "2089"]
[BlackRD "80"]
[GameID "392178"]

1. d4 Nf6 2. c4 g6 3. Nc3 Bg7 4. e4 d6 5. Nf3 O-O 6. h3 Qe8 7. Bg5 e5 8. d5 a5 9. g4 Na6 10. Rg1 Bd7
11. Be2 Nc5 12. Qc2 c6 13. Be3 cxd5 14. Bxc5 dxc5 15. g5 Nxe4 16. Nxd5 Bf5 17. Nh4 Ng3 18. Nxf5 Nxf5 19. O-O-O Nd4 20. Rxd4 cxd4
21. Nc7 Qc6 22. Nxa8 Rxa8 23. Bd3 Rc8 24. b3 b5 25. Be4 Qe6 26. Bd5 Qxh3 27. f3 bxc4 28. bxc4 Rb8 29. Be4 Bf8 30. Qg2 Ba3+
31. Kd1 Rb1+ 32. Bxb1
1-0

[Event "Eric's Blitz 1700 - 2199"]
[Site "SchemingMind.com"]
[Date "2015.12.23"]
[Round "-"]
[White "redmike"]
[Black "Eric Caesar"]
[Result "1-0"]
[WhiteCountry "SCO"]
[BlackCountry "NED"]
[WhiteElo "2089"]
[WhiteRD "80"]
[BlackElo "1932"]
[BlackRD "66"]
[GameID "392179"]

1. d4 Nf6 2. c4 e6 3. Nc3 Bb4 4. f3 c5 5. d5 exd5 6. cxd5 d6 7. e4 O-O 8. Bd3 Re8 9. Ne2 Qc7 10. a3 Ba5
11. O-O c4 12. Bc2 Bb6+ 13. Kh1 Nbd7 14. Nd4 Nc5 15. Ncb5 Qb8 16. a4 a6 17. Na3 Nd3 18. Bxd3 cxd3 19. Qxd3 Bd7 20. Bg5 Bd8
21. Nc4 h6 22. Bh4 Nh7 23. Bxd8 Rxd8 24. Nb6 Nf6 25. Nxa8 Qxa8 26. a5 Rc8 27. Rac1 Rxc1 28. Rxc1 Qd8 29. b4 Ne8 30. Qc4 Qg5
31. g3 Qd2 32. Qc3 Qf2 33. g4 h5 34. gxh5 Bh3 35. Rg1 Nf6 36. h6 Nh5 37. Nf5
1-0

[Event "Eric's Blitz 1700 - 2199"]
[Site "SchemingMind.com"]
[Date "2015.12.21"]
[Round "-"]
[White "Mirta Crevani"]
[Black "Scooter"]
[Result "1-0"]
[WhiteCountry "ARG"]
[BlackCountry "USA"]
[WhiteElo "2106"]
[WhiteRD "77"]
[BlackElo "1696"]
[BlackRD "46"]
[GameID "392235"]

1. c4 Nf6 2. Nc3 g6 3. e4 d6 4. d4 Bg7 5. f3 O-O 6. Be3 a6 7. Qd2 Nbd7 8. Nge2 e5 9. d5 Nc5 10. g4 a5
11. Ng3 Bd7 12. h4 Na4 13. Nxa4 Bxa4 14. h5 Bd7 15. Qh2 Bxg4 16. fxg4 Nxg4 17. Qd2 c5 18. Bd3 Nxe3 19. Qxe3 b6 20. Ne2 Re8
21. O-O-O Qd7 22. hxg6 fxg6 23. Qh3 h6 24. Qxd7
1-0

[Event "Eric's Blitz 1700 - 2199"]
[Site "SchemingMind.com"]
[Date "2015.12.22"]
[Round "-"]
[White "Scooter"]
[Black "Mirta Crevani"]
[Result "0-1"]
[WhiteCountry "USA"]
[BlackCountry "ARG"]
[WhiteElo "1696"]
[WhiteRD "46"]
[BlackElo "2106"]
[BlackRD "77"]
[GameID "392236"]

1. d4 d5 2. Nf3 Bf5 3. Bf4 Nf6 4. e3 e6 5. Bd3 Ne4 6. O-O Nd7 7. Bxe4 Bxe4 8. Nbd2 Bg6 9. c4 Bd3 10. Re1 dxc4
11. Ne5 Nxe5 12. Bxe5 f6 13. Bg3 Bd6 14. Bxd6 cxd6 15. Nxc4 Bxc4
0-1

[Event "Eric's Blitz 1700 - 2199"]
[Site "SchemingMind.com"]
[Date "2015.12.23"]
[Round "-"]
[White "Mirta Crevani"]
[Black "Eric Caesar"]
[Result "1-0"]
[WhiteCountry "ARG"]
[BlackCountry "NED"]
[WhiteElo "2058"]
[WhiteRD "77"]
[BlackElo "1865"]
[BlackRD "65"]
[GameID "392237"]

1. c4 c5 2. Nc3 Nc6 3. g3 g6 4. Bg2 Bg7 5. d3 e6 6. Bxc6 bxc6 7. f4 Ne7 8. e4 d6 9. Nf3 O-O 10. e5 d5
11. O-O Nf5 12. Qe2 Nd4 13. Qf2 Nxf3+ 14. Qxf3 a5 15. b3 f6 16. exf6 Bxf6 17. Bb2 Bd4+ 18. Kg2 Bd7 19. Qe2 Qf6 20. Nd1 Rae8
21. Rb1 Qg7 22. Bxd4 cxd4 23. Nb2= e5 24. fxe5 Rxf1 25. Rxf1 Rxe5 26. Qf2 Re3 27. Qd2 Qe7 28. Rf2 Qe6 29. Qxa5 Qh3+ 30. Kg1 Kg7
31. Qd2 Qe6 32. a4 Re1+ 33. Rf1 Re2 34. Qf4 Qe3+ 35. Qxe3 dxe3 36. Rb1 d4 37. a5 c5 38. Na4 Bxa4 39. bxa4 Ra2 40. Kf1
1-0

[Event "Eric's Blitz 1700 - 2199"]
[Site "SchemingMind.com"]
[Date "2015.12.23"]
[Round "-"]
[White "Eric Caesar"]
[Black "Mirta Crevani"]
[Result "0-1"]
[WhiteCountry "NED"]
[BlackCountry "ARG"]
[WhiteElo "1932"]
[WhiteRD "66"]
[BlackElo "2106"]
[BlackRD "77"]
[GameID "392238"]

1. e4 c6 2. d4 d5 3. e5 Bf5 4. Nf3 e6 5. Be2 Nd7 6. O-O h6 7. c4 dxc4 8. Bxc4 Ne7 9. Nc3 Nd5 10. Nxd5 cxd5
11. Bd3 Bxd3 12. Qxd3 Be7 13. b4 O-O 14. Bd2 Nb6 15. Rfc1 Nc4 16. Be1 Qb6 17. a3 Rfc8 18. Nd2 Qa6 19. Nxc4 Rxc4 20. Bd2 Rxc1+
0-1

[Event "Eric's Blitz 1700 - 2199"]
[Site "SchemingMind.com"]
[Date "2015.12.21"]
[Round "-"]
[White "Mirta Crevani"]
[Black "redmike"]
[Result "0-1"]
[WhiteCountry "ARG"]
[BlackCountry "SCO"]
[WhiteElo "2058"]
[WhiteRD "77"]
[BlackElo "2128"]
[BlackRD "73"]
[GameID "392241"]

1. c4 Nf6 2. Nc3 g6 3. e4 d6 4. g3 Bg7 5. Bg2 O-O 6. Nge2 e5 7. O-O Nc6 8. d3 Bd7 9. h3 h6 10. Be3 Kh7
11. Qd2 Ng8 12. d4 exd4 13. Nxd4 Nxd4 14. Bxd4 Bxd4 15. Qxd4 Qf6 16. Rad1 Bc6 17. Nd5 Qxd4 18. Rxd4 Bxd5 19. cxd5 Rfe8 20. Rc1 Re7
21. Rdc4 Rc8 22. h4 f5 23. exf5 g5 24. Rb4 gxh4 25. Rxb7 hxg3 26. fxg3 a5 27. Ra7 Kg7 28. Rxa5 Kf6 29. g4 Re2 30. b4 Rb2
31. b5 Kg5 32. Bf3 Nf6 33. a4 Kf4 34. Rc3 h5 35. g5= Rg8 36. Bg2 Rxg5 37. Rf3+ Ke5 38. Rf2 Rb1+ 39. Rf1 Rb3 40. Kh1 h4
41. Re1+ Kxf5 42. Rf1+ Ke5 43. Ra8 h3 44. Re1+ Kd4 45. Bf1 Ne4 46. Rh8 Nf2+ 47. Kh2 Rb2 48. Rc8 Nd3+ 49. Re2 Rxe2+ 50. Bxe2 Rg2+
51. Kxh3 Rxe2 52. Rxc7 Kxd5 53. b6 Rb2 54. a5 Rb5 55. b7 Nc5 56. Kg4 Na6 57. Rc2 Rxb7 58. Ra2 Rf7 59. Rd2+ Kc5 60. Rc2+ Kb5
61. Rd2 Kc6 62. Rb2 Rb7 63. Ra2 Kb5 64. Kf4 Nc5 65. Ke3 Re7+ 66. Kd4 Re5 67. Kc3 Re3+ 68. Kd2 Rh3
0-1

[Event "Eric's Blitz 1700 - 2199"]
[Site "SchemingMind.com"]
[Date "2015.12.22"]
[Round "-"]
[White "redmike"]
[Black "Mirta Crevani"]
[Result "1-0"]
[WhiteCountry "SCO"]
[BlackCountry "ARG"]
[WhiteElo "2089"]
[WhiteRD "80"]
[BlackElo "2106"]
[BlackRD "77"]
[GameID "392242"]

1. d4 d5 2. c4 c6 3. Nc3 Nf6 4. Nf3 e6 5. Bg5 Nbd7 6. e3 Bb4 7. cxd5 exd5 8. Bd3 O-O 9. Qc2 h6 10. Bh4 Re8
11. O-O Be7 12. Bg3 Nb6 13. Ne5 Be6 14. a4 Nbd7 15. f4 Nf8 16. Rae1 Nh5 17. Bf2 Bd7 18. Qe2 Nf6 19. g4 Bd6 20. Bh4 Qe7
21. Qg2 Kh8 22. e4 dxe4 23. Nxe4 Bb4 24. Nxf6 gxf6 25. Ng6+ fxg6 26. Rxe7 Bxe7 27. d5 cxd5 28. Qxd5 Kg7 29. g5 hxg5 30. fxg5 f5
31. Bf2 Bxg5 32. Bd4+ Bf6 33. Bxf6+ Kxf6 34. Qxb7 Reb8 35. Qc7 Be6 36. Qc3+ Kf7 37. Be4 Rc8 38. Qe3
1-0

[Event "Eric's Blitz 1700 - 2199"]
[Site "SchemingMind.com"]
[Date "2015.12.23"]
[Round "-"]
[White "Mirta Crevani"]
[Black "Stephen Woodhouse"]
[Result "1/2-1/2"]
[WhiteCountry "ARG"]
[BlackCountry "ENG"]
[WhiteElo "2106"]
[WhiteRD "77"]
[BlackElo "1814"]
[BlackRD "48"]
[GameID "392383"]

1. c4 e6 2. g3 d5 3. Bg2 c5 4. Nf3 Nc6 5. O-O Nf6 6. b3 Be7 7. Bb2 O-O 8. e3 Ne4 9. d3 Bf6 10. Qe2 Bxb2
11. Qxb2 Qf6 12. Qxf6 Nxf6 13. Nc3 Bd7 14. Rfd1 dxc4 15. dxc4 Rfd8 16. Rd2 Be8 17. Rad1 Kf8 18. Rxd8 Rxd8 19. Rxd8 Nxd8 20. Ne5 Nd7
21. Nd3 Ke7 22. Ne4 b6 23. Kf1 Nf6=
1/2-1/2

[Event "Eric's Blitz 1700 - 2199"]
[Site "SchemingMind.com"]
[Date "2015.12.23"]
[Round "-"]
[White "Stephen Woodhouse"]
[Black "Mirta Crevani"]
[Result "0-1"]
[WhiteCountry "ENG"]
[BlackCountry "ARG"]
[WhiteElo "1814"]
[WhiteRD "48"]
[BlackElo "2106"]
[BlackRD "77"]
[GameID "392384"]

1. e4 c6 2. d4 d5 3. exd5 cxd5 4. c4 Nf6 5. Nc3 Nc6 6. Nf3 Bg4 7. cxd5 Nxd5 8. Qb3 Bxf3 9. gxf3 Nb6 10. d5 Nd4
11. Bb5+ Nd7 12. Qa4 Nxb5 13. Qxb5 g6 14. Bg5 h6 15. Bh4 Qb6 16. O-O Bg7 17. Rfe1 g5 18. Bg3 Bxc3 19. Qxb6 Nxb6 20. bxc3 Nxd5
21. c4 Nf4 22. Bxf4 gxf4 23. Rab1 b6 24. Re4 e6 25. Rd1 Ke7 26. Rxf4 Rhg8+ 27. Rg4 h5 28. Rxg8 Rxg8+ 29. Kf1 Rc8 30. Rd4 Rc5
31. Ke2 Ra5 32. Rh4 Rxa2+ 33. Ke3 Ra5 34. Kd4 Rc5 35. f4 a5 36. Rh3 Rf5 37. Ke4 Kd6 38. Rf3 Kc5 39. Rc3 Kb4 40. Rc1 a4
0-1

[Event "Eric's Blitz 1700 - 2199"]
[Site "SchemingMind.com"]
[Date "2015.12.23"]
[Round "-"]
[White "Scooter"]
[Black "Stephen Woodhouse"]
[Result "0-1"]
[WhiteCountry "USA"]
[BlackCountry "ENG"]
[WhiteElo "1717"]
[WhiteRD "47"]
[BlackElo "1872"]
[BlackRD "49"]
[GameID "392385"]

1. d4 e6 2. Nf3 d5 3. Bf4 Bd6 4. Bxd6 Qxd6 5. c3 Nf6 6. e3 O-O 7. Be2 c5 8. O-O Nc6 9. Nbd2 Bd7 10. Rc1 e5
11. dxe5 Nxe5 12. Nxe5 Qxe5 13. Nf3 Qe7 14. Re1 Bc6 15. h3 Rad8 16. Qb3 Ne4 17. Bb5 Bxb5 18. Qxb5 b6 19. Qe2 f5 20. Nd2 Qg5
21. Nxe4 dxe4 22. Red1 Rf7 23. Rxd8+ Qxd8 24. Rd1 Rd7 25. Rxd7 Qxd7 26. Kf1 Kf7 27. Qc4+ Qe6 28. Qxe6+ Kxe6 29. Ke2 c4 30. f4= exf3+
31. Kxf3 Ke5 32. g3 g6 33. g4 fxg4+ 34. hxg4 h5 35. gxh5 gxh5 36. b3 cxb3 37. axb3 h4
0-1

[Event "Eric's Blitz 1700 - 2199"]
[Site "SchemingMind.com"]
[Date "2015.12.23"]
[Round "-"]
[White "Stephen Woodhouse"]
[Black "Scooter"]
[Result "0-1"]
[WhiteCountry "ENG"]
[BlackCountry "USA"]
[WhiteElo "1872"]
[WhiteRD "49"]
[BlackElo "1717"]
[BlackRD "47"]
[GameID "392386"]

1. e4 c6 2. d4 d5 3. exd5 cxd5 4. c4 Nf6 5. Nc3 g6 6. cxd5 Nxd5 7. Bc4 Nxc3 8. Qb3 e6 9. bxc3 Bg7 10. Ba3 Nd7
11. Nf3 Qb6 12. O-O Qxb3 13. axb3 Nb6 14. Bd3 Bf8 15. Bb2 Rg8 16. c4 Bg7 17. Rad1 Bd7 18. Ne5 Bxe5 19. dxe5 Bc6 20. Bc2 Nd7
21. Rd6 O-O-O 22. Rfd1 Nc5 23. Rxd8+ Rxd8 24. Rxd8+ Kxd8 25. f4 Be4 26. Bd1 Nd3 27. Ba3 Nxf4 28. Bd6 Nxg2 29. Kf2 Nh4 30. Ke3 Bh1
31. Bb8 a6 32. b4 Nf5+ 33. Kf4 h6 34. Ba4 Bc6 35. b5 axb5 36. cxb5 Bd7 37. Ke4 Ne7 38. Kd4 b6 39. Bd6 Nf5+ 40. Ke4 Nxd6+
41. exd6 f6 42. Kd4 Bc8 43. Bc2 g5 44. Be4 Kd7 45. Bc6+ Kxd6 46. Ke4 Bd7
0-1

[Event "Eric's Blitz 1700 - 2199"]
[Site "SchemingMind.com"]
[Date "2015.12.23"]
[Round "-"]
[White "Stephen Woodhouse"]
[Black "Eric Caesar"]
[Result "0-1"]
[WhiteCountry "ENG"]
[BlackCountry "NED"]
[WhiteElo "1872"]
[WhiteRD "49"]
[BlackElo "1946"]
[BlackRD "66"]
[GameID "392387"]

1. e4 c5 2. c3 d5 3. exd5 Qxd5 4. d4 Nf6 5. Nf3 e6 6. Be3 Nbd7 7. Na3 cxd4 8. Bxd4 Bxa3 9. bxa3 O-O 10. Bd3 e5
11. Be3 e4
0-1

[Event "Eric's Blitz 1700 - 2199"]
[Site "SchemingMind.com"]
[Date "2015.12.23"]
[Round "-"]
[White "Eric Caesar"]
[Black "Stephen Woodhouse"]
[Result "1-0"]
[WhiteCountry "NED"]
[BlackCountry "ENG"]
[WhiteElo "1946"]
[WhiteRD "66"]
[BlackElo "1872"]
[BlackRD "49"]
[GameID "392388"]

1. d4 e6 2. c4 d5 3. Nc3 c5 4. e3 Nf6 5. Nf3 Nc6 6. a3 Be7 7. dxc5 Bxc5 8. b4 Be7 9. Bb2 O-O 10. cxd5 exd5
11. Bd3 Bg4 12. h3 Bh5 13. Qc2 Bxf3 14. gxf3 d4 15. Ne4 dxe3 16. fxe3 Nxe4 17. Bxe4 Bh4+ 18. Ke2 g6 19. Qc3 f6 20. Bxc6 bxc6
21. Qc4+
1-0

[Event "Eric's Blitz 1700 - 2199"]
[Site "SchemingMind.com"]
[Date "2015.12.23"]
[Round "-"]
[White "Stephen Woodhouse"]
[Black "redmike"]
[Result "0-1"]
[WhiteCountry "ENG"]
[BlackCountry "SCO"]
[WhiteElo "1872"]
[WhiteRD "49"]
[BlackElo "2151"]
[BlackRD "101"]
[GameID "392391"]

1. e4 c5 2. c3 d5 3. exd5 Qxd5 4. d4 Nf6 5. Nf3 cxd4 6. cxd4 g6 7. Nc3 Qd8 8. Bc4 Bg7 9. O-O O-O 10. Re1 Bg4
11. Qd3 Nc6 12. Ne5 Bf5 13. Nxc6 bxc6 14. Qd1 Qc7 15. Qf3 Rad8 16. Bf4 Qb7 17. Rad1 Bg4 18. Qg3 Bxd1 19. Rxd1 Nh5
0-1

[Event "Eric's Blitz 1700 - 2199"]
[Site "SchemingMind.com"]
[Date "2015.12.23"]
[Round "-"]
[White "redmike"]
[Black "Stephen Woodhouse"]
[Result "1-0"]
[WhiteCountry "SCO"]
[BlackCountry "ENG"]
[WhiteElo "2151"]
[WhiteRD "101"]
[BlackElo "1872"]
[BlackRD "49"]
[GameID "392392"]

1. d4 e6 2. c4 d5 3. Nc3 c5 4. cxd5 exd5 5. Nf3 Nc6 6. g3 Nf6 7. Bg2 Be7 8. O-O O-O 9. Bg5 c4 10. Ne5 Be6
11. Nxc6 bxc6 12. b3 Qa5 13. Qc2 h6 14. Bd2 Bb4 15. bxc4 dxc4 16. a3 Bxc3 17. Bxc3 Qc7 18. e4 Rfd8 19. f4 Rab8 20. f5 Bc8
21. Qd2 Rb3 22. Ba5
1-0

[Event "Eric's Blitz 1700 - 2199"]
[Site "SchemingMind.com"]
[Date "2015.12.23"]
[Round "-"]
[White "Mirta Crevani"]
[Black "flyinduck"]
[Result "1-0"]
[WhiteCountry "ARG"]
[BlackCountry "CAN"]
[WhiteElo "2106"]
[WhiteRD "77"]
[BlackElo "2050"]
[BlackRD "53"]
[GameID "392395"]

1. c4 Nf6 2. g3 e6 3. Bg2 d5 4. Nf3 dxc4 5. Qa4+ Bd7 6. Qxc4 Bc6 7. d4 Bd5 8. Qd3 Be4 9. Qb3 c5 10. O-O Nbd7
11. Nc3 Bc6 12. Bg5 Be7 13. Rfd1 Qa5 14. Ne5 Bxg2 15. Kxg2 cxd4 16. Nxd7 Qxg5 17. Nxf6+ Bxf6= 18. Qa4+ Kf8 19. Ne4 Qd5 20. f3 Be5
21. Rac1 g6 22. Rc5
1-0

[Event "Eric's Blitz 1700 - 2199"]
[Site "SchemingMind.com"]
[Date "2015.12.23"]
[Round "-"]
[White "flyinduck"]
[Black "Mirta Crevani"]
[Result "1/2-1/2"]
[WhiteCountry "CAN"]
[BlackCountry "ARG"]
[WhiteElo "2050"]
[WhiteRD "53"]
[BlackElo "2106"]
[BlackRD "77"]
[GameID "392396"]

1. d4 e6 2. c4 f5 3. Nc3 Nf6 4. Bf4 Bb4 5. e3 b6 6. Bd3 Bb7 7. f3 Nh5 8. Ne2 Nxf4 9. Nxf4 Bd6 10. Nce2 Bb4+
11. Kf2 O-O 12. h4 Nc6 13. Rc1 e5 14. dxe5 Nxe5 15. Nd4 Nxd3+ 16. Qxd3 Qf6 17. a3 Bd6 18. b4 Bxf4 19. exf4 c5 20. bxc5 bxc5
21. Nb5 d5 22. Nc7 Rad8 23. Nxd5 Bxd5 24. cxd5 Qd6 25. Rhd1 Qxf4 26. Rxc5 Qxh4+ 27. Kg1 Rd6 28. Rc6 Qe7 29. Rxd6 Qxd6 30. Rc1 Rd8=
1/2-1/2

[Event "Eric's Blitz 1700 - 2199"]
[Site "SchemingMind.com"]
[Date "2015.12.23"]
[Round "-"]
[White "Scooter"]
[Black "flyinduck"]
[Result "0-1"]
[WhiteCountry "USA"]
[BlackCountry "CAN"]
[WhiteElo "1696"]
[WhiteRD "46"]
[BlackElo "2050"]
[BlackRD "53"]
[GameID "392397"]

1. d4 Nf6 2. Nf3 e6 3. Bg5 h6 4. Bxf6 Qxf6 5. e3 g6 6. Be2 Bg7 7. O-O O-O 8. Nbd2 d6 9. c3 b6 10. Ne4 Qe7
11. h3 Bb7 12. Ned2 Nd7 13. Rc1 c5 14. Re1 Rad8 15. Qa4 a6 16. Qc2 e5 17. dxe5 dxe5 18. e4 Rfe8 19. Nc4 b5 20. Na5 Ba8
21. Rcd1 c4 22. b3 Nc5 23. bxc4 Bxe4 24. Qb2 Qc7 25. Nb3 Na4 26. Qc1 bxc4 27. Nbd2 Bd3 28. Qa3 Nc5 29. Nxc4 e4 30. Bxd3 Nxd3
31. Re3 Qxc4 32. Ne1 Bf8 33. Qb3 Qxb3 34. axb3 Bc5 35. Re2 Nxf2
0-1

[Event "Eric's Blitz 1700 - 2199"]
[Site "SchemingMind.com"]
[Date "2015.12.23"]
[Round "-"]
[White "flyinduck"]
[Black "Scooter"]
[Result "1-0"]
[WhiteCountry "CAN"]
[BlackCountry "USA"]
[WhiteElo "2050"]
[WhiteRD "53"]
[BlackElo "1696"]
[BlackRD "46"]
[GameID "392398"]

1. d4 Nf6 2. c4 g6 3. Nc3 Bg7 4. e4 d6 5. Be2 O-O 6. Bg5 Nbd7 7. Qd2 e5 8. Nf3 exd4 9. Nxd4 Nc5 10. f3 Ne6
11. Be3 Nxd4 12. Bxd4 Re8 13. O-O b6 14. Rad1 Bb7 15. Rfe1 a6 16. Bf1 Nd7 17. Nd5 Bxd5 18. cxd5 Ne5 19. f4 Nd7 20. Bxg7 Kxg7
21. b4 Nf6 22. e5 dxe5 23. fxe5 Ng4 24. Qd4 Qg5 25. e6+ Nf6 26. exf7 Kxf7 27. d6 Rad8 28. Qc4+ Kf8 29. Qxc7 Rxe1 30. Rxe1 Nd5
31. Qxh7 Rxd6 32. Bc4 Qd2 33. Qh8+ Kf7 34. Rf1+ Ke7 35. Qg7+
1-0

[Event "Eric's Blitz 1700 - 2199"]
[Site "SchemingMind.com"]
[Date "2015.12.23"]
[Round "-"]
[White "Stephen Woodhouse"]
[Black "flyinduck"]
[Result "0-1"]
[WhiteCountry "ENG"]
[BlackCountry "CAN"]
[WhiteElo "1872"]
[WhiteRD "49"]
[BlackElo "2016"]
[BlackRD "66"]
[GameID "392399"]

1. e4 e5 2. Nf3 Nf6 3. d4 Nxe4 4. Bd3 d5 5. Nxe5 Nd7 6. Nxd7 Bxd7 7. O-O Bd6 8. Nc3 Nxc3 9. bxc3 O-O 10. Qh5 g6
11. Qxd5 Qh4 12. g3 Qh3 13. Qg2 Qh5 14. Be4 Bh3 15. Qf3 Qxf3 16. Bxf3 Bxf1 17. Kxf1 c6 18. Rb1 Rab8 19. Be3 f5 20. d5 c5
21. c4 b6 22. a4 f4 23. Bxf4 Bxf4 24. gxf4 Rxf4 25. Kg2 Rbf8
0-1

[Event "Eric's Blitz 1700 - 2199"]
[Site "SchemingMind.com"]
[Date "2015.12.23"]
[Round "-"]
[White "flyinduck"]
[Black "Stephen Woodhouse"]
[Result "1-0"]
[WhiteCountry "CAN"]
[BlackCountry "ENG"]
[WhiteElo "2050"]
[WhiteRD "53"]
[BlackElo "1814"]
[BlackRD "48"]
[GameID "392400"]

1. d4 e6 2. c4 d5 3. Nc3 c5 4. cxd5 exd5 5. Nf3 Nc6 6. g3 Nf6 7. Bg2 Be7 8. O-O O-O 9. Bg5 c4 10. Ne5 Be6
11. Nxc6 bxc6 12. b3 h6 13. Bd2 Rc8 14. e3 c5 15. Na4 cxd4 16. exd4 cxb3 17. axb3 Qd7 18. Nc5 Bxc5 19. dxc5 Rfe8 20. b4 Ne4
21. Re1 Nxd2 22. Qxd2 Rb8 23. Rec1 Rec8 24. Bf1 d4 25. b5 Qd5 26. c6 Rc7 27. Ra4 Qf3 28. Rxd4 Kh7 29. Qd3+ Qxd3 30. Bxd3+ g6
31. f4 Rb6 32. Ra4 Bd5 33. Rca1
1-0

[Event "Eric's Blitz 1700 - 2199"]
[Site "SchemingMind.com"]
[Date "2015.12.23"]
[Round "-"]
[White "Eric Caesar"]
[Black "flyinduck"]
[Result "0-1"]
[WhiteCountry "NED"]
[BlackCountry "CAN"]
[WhiteElo "1932"]
[WhiteRD "66"]
[BlackElo "2050"]
[BlackRD "53"]
[GameID "392401"]

1. e4 e5 2. Nf3 Nf6 3. Nc3 Nc6 4. Bb5 Nd4 5. Ba4 Nxf3+ 6. Qxf3 Bc5 7. d3 O-O 8. Bg5 c6 9. h3 h6 10. Bh4 d6
11. Bb3 Be6 12. O-O a5 13. Qe2 g5 14. Bg3 Kg7 15. Kh1 Rh8 16. Bh2 h5 17. g3 Bxh3 18. f4 Bxf1 19. Rxf1 gxf4 20. gxf4 Ng4
21. fxe5 Qh4 22. Rxf7+ Kg6 23. e6 Raf8 24. Qg2 Rxf7 25. exf7 Bd4
0-1

[Event "Eric's Blitz 1700 - 2199"]
[Site "SchemingMind.com"]
[Date "2015.12.23"]
[Round "-"]
[White "flyinduck"]
[Black "Eric Caesar"]
[Result "1-0"]
[WhiteCountry "CAN"]
[BlackCountry "NED"]
[WhiteElo "2050"]
[WhiteRD "53"]
[BlackElo "1932"]
[BlackRD "66"]
[GameID "392402"]

1. d4 Nf6 2. c4 e6 3. Nc3 Bb4 4. e3 O-O 5. Ne2 d5 6. a3 Be7 7. cxd5 exd5 8. Nf4 c6 9. Bd3 a5 10. O-O Na6
11. Bc2 Nc7 12. f3 Ne6 13. Nce2 Re8 14. Kh1 Nf8 15. e4 Be6 16. e5 N6d7 17. Nxe6 Nxe6 18. f4 g6 19. f5 Nc7 20. Nf4 Bf8
21. e6 fxe6 22. fxg6
1-0

[Event "Eric's Blitz 1700 - 2199"]
[Site "SchemingMind.com"]
[Date "2015.12.23"]
[Round "-"]
[White "flyinduck"]
[Black "redmike"]
[Result "1/2-1/2"]
[WhiteCountry "CAN"]
[BlackCountry "SCO"]
[WhiteElo "2050"]
[WhiteRD "53"]
[BlackElo "2089"]
[BlackRD "80"]
[GameID "392405"]

1. d4 Nf6 2. c4 g6 3. Nc3 Bg7 4. e4 d6 5. Be2 O-O 6. Bg5 Qe8 7. e5 dxe5 8. dxe5 Nfd7 9. Nd5 Na6 10. Bxe7 Bxe5
11. Bxf8 Qxf8 12. Qd2 c6 13. Nc3 Nf6 14. Nf3 Bd6 15. O-O Bg4 16. h3 Bxf3 17. Bxf3 Nc5 18. Rad1 Rd8 19. Qc2 Ne6 20. Ne4 Nxe4
21. Qxe4 Qe7 22. Rfe1 h5 23. a3 a5 24. h4 Qf6 25. g3 Qxb2 26. Rb1 Qf6 27. Rxb7 Nc5 28. Qxc6 Nxb7 29. Qxb7 Bxa3 30. Qc6= Qxc6
31. Bxc6 Rd2 32. Kf1 Bc5 33. Re2 Rd1+ 34. Re1 Rd6 35. Bb5 Kg7=
1/2-1/2

[Event "Eric's Blitz 1700 - 2199"]
[Site "SchemingMind.com"]
[Date "2015.12.23"]
[Round "-"]
[White "redmike"]
[Black "flyinduck"]
[Result "1-0"]
[WhiteCountry "SCO"]
[BlackCountry "CAN"]
[WhiteElo "2151"]
[WhiteRD "101"]
[BlackElo "2016"]
[BlackRD "66"]
[GameID "392406"]

1. d4 Nf6 2. c4 e6 3. Nc3 Bb4 4. f3 d5 5. a3 Be7 6. e3 O-O 7. Bd3 b6 8. Nge2 Bb7 9. O-O Nbd7 10. b3 c5
11. Bb2 cxd4 12. exd4 dxc4 13. bxc4 Rc8 14. Rc1 e5 15. d5 Bc5+ 16. Kh1 Be3 17. Rc2 Nc5 18. Bf5 g6 19. Bxc8 Bxc8 20. Ng3 Ne8
21. Nce4 Nxe4 22. Nxe4 Qe7 23. d6 Qe6 24. Re1 Bh6 25. c5 bxc5 26. Nxc5 Qxd6 27. Bxe5 Qb6 28. Ne4 Be6 29. Rb2 Qa5 30. Bc3 Qxa3
31. Rb8 a5 32. Rxe8 Rxe8 33. Qd4 Kf8 34. Rd1 Rc8 35. Qh8+
1-0